000 00649nam a2200217 i 4500
001 C2-0200145
003 PPAK
005 20180728100458.0
008 990203s1977 io a|||| ||||| | may d
040 _aPPAK
_beng
_cPPAK
_erda
082 0 4 _a959.802
_2 23
090 0 0 _a959.802
_bHAS
_dKIH
100 1 _aHasjmy, A,
_eauthor
245 1 0 _aLima puluh sembilan tahun Aceh merdeka di bawah Pemerintahan Ratu
264 1 _aJakarta, Indonesia :
_bPenerbit Bulan Bintang ,
_c1977
300 _a252 pages :
_billustrations ;
_c21 cm
336 _2rdacontent
_atext
337 _2rdamedia
_aunmediated
338 _2rdacarrier
_avolume
942 _ddc
_cB
999 _c156851
_d156851